Obras sueltas de Lupercio y Bartolomé Leonardo de Argensola / (Record no. 157543)

MARC details
000 -LEADER
campo de control de longitud fija 01140nam a2200265 i 4500
001 - NÚMERO DE CONTROL
campo de control 157543
003 - IDENTIFICADOR DE NÚMERO DE CONTROL
campo de control ES-MaACL
005 - FECHA Y HORA DE LA ÚLTIMA TRANSACCIÓN
campo de control 20250626063205.0
008 - DATOS DE LONGITUD FIJA--INFORMACIÓN GENERAL
campo de control de longitud fija 940301s1889 sp |||| | spa d
040 ## - FUENTE DE CATALOGACIÓN
Centro catalogador/agencia de origen AS
Lengua de catalogación spa
100 1# - ENTRADA PRINCIPAL--NOMBRE DE PERSONA
Nombre de persona Leonardo de Argensola, Lupercio,
Fechas asociadas al nombre 1559-1613
9 (RLIN) 128881
245 10 - MENCIÓN DEL TÍTULO
Título Obras sueltas de Lupercio y Bartolomé Leonardo de Argensola /
Mención de responsabilidad, etc. coleccionadas e ilustradas por el conde de la Viñaza.
260 ## - PUBLICACIÓN, DISTRIBUCIÓN, ETC.
Lugar de publicación, distribución, etc. Madrid :
Nombre del editor, distribuidor, etc. [s.n.],
Fecha de publicación, distribución, etc. 1889 (
Fabricante Imprenta y fundición de M. Tello)
300 ## - DESCRIPCIÓN FÍSICA
Extensión 2 v. (XXVII, 402 ; 409 p.) ;
Dimensiones 17 cm.
490 1# - MENCIÓN DE SERIE
Mención de serie Colección de escritores castellanos. Líricos ;
Designación de volumen o secuencia 69, 75
505 8# - NOTA DE CONTENIDO CON FORMATO
Nota de contenido con formato T. I. Obras de Lupercio Leonardo -- T. II. Obras de Bartolomé Leonardo
510 ## - NOTA DE CITAS O REFERENCIAS BIBLIOGRÁFICAS
Nombre de la fuente Palau,
Localización dentro de la fuente 16105
596 ## - NOTA AL PIE DE IMPRENTA
NOTA AL PIE DE IMPRENTA Marca tip. en port.
597 ## - NOTA DE DESCRIPCIÓN FÍSICA
NOTA DE DESCRIPCIÓN FÍSICA Port. a dos tintas con orla tip.
700 1# - ENTRADA AGREGADA--NOMBRE PERSONAL
Nombre de persona Leonardo de Argensola, Bartolomé,
Fechas asociadas al nombre 1562-1631
9 (RLIN) 71674
700 1# - ENTRADA AGREGADA--NOMBRE PERSONAL
Nombre de persona Viñaza, Cipriano Muñoz y Manzano
Títulos y otros términos asociados al nombre , Conde de la.
9 (RLIN) 133815
830 0# - PUNTO DE ACCESO ADICIONAL DE SERIE-TÍTULO UNIFORME
Título uniforme Colección de escritores castellanos. Líricos ;
Designación de volumen o secuencia 69, 75
9 (RLIN) 187678
852 ## - LOCALIZACIÓN
Ubicación ES-MaACL
Número de control de estantería F-12415-16
Nota libre -- Enc. hol.
Holdings
Estatus retirado Estado de pérdida Estado de daño No para préstamo Colección Biblioteca de origen Biblioteca actual Ubicación en estantería Fecha de adquisición Total de préstamos Signatura topográfica completa Código de barras Visto por última vez Precio de reemplazo Tipo de ítem Koha
        Libros del s. XIX Biblioteca del Ateneo de Madrid Biblioteca del Ateneo de Madrid Sala Pecera Planta 2 17/01/2008   F-12415-16 1164864 23/02/2023 23/02/2023 Libro impreso antiguo